00461nam a2200145Ia 4500003000900000008004100009020002600050020002900076040001600105100002300121245005300144260003200197300002000229856006600249IN-BaIIA211028s9999 xx s 000 0 eng d a9781510622630 (Print) a9781510622647  (Online) cIIA Library aAsimellis, George  0aWave Optics: Lectures in Optics, Vol. 3h[eBook] aWashington, USAbSPIEc2020 aOnline resource uhttps://doi.org/10.1117/3.2506314yClick Here to Access eBook